Poskladaj si traktor zisti všetko o traktoroch : obsahuje 4 jednoduché skladacie modely

Bibliographic Details
Main Author: Jones, Cathy (Author)
Other Authors: Connell, Tom (Illustrator), Bustamante, Martin (Illustrator), Madarásová, Jitka (Translator)
Format: Book
Language:Slovak
English
PhysicalDescription:[12] s. fareb. ilustr. 22 cm
Published: Bratiaslava Svojtka & Co. 2015
ISBN:9788081078453
Edition:1. slov. vyd.
Subjects:

MARC

LEADER 00000nam a2200000 a 4500
001 vtls010868342
003 SK-MaSNL
005 20260301175421.0
008 240313s2015 xo a b 000 0 slo
015 |a SNBA2015/09 
020 |a 9788081078453  |q (viaz.) 
040 |a SNK  |b slo  |c SNK  |e AACR2 
041 1 |a slo  |h eng 
044 |a xo  |c SK 
072 7 |a 629  |x Dopravné prostriedky  |2 konspekt 
072 7 |a 0/9-053.2  |x Literatúra pre deti a mládež (náučná)  |2 konspekt 
080 |a 629.366.014.2  |2 2001 
080 |a 631.372  |2 2001 
080 |a (0.053.2)  |2 2001 
080 |a (086.48)  |2 2001 
100 1 |a Jones, Cathy  |4 aut  |9 422404 
240 1 0 |a Build a Tractor  |l Slovensky 
245 1 0 |a Poskladaj si traktor  |b zisti všetko o traktoroch : obsahuje 4 jednoduché skladacie modely  |c [text: Cathy Jones ; ilustrácie: Tom Connell ; ilustrácie modelov: Martin Bustamante ; z anglického originálu preložila Jitka Madarásová] 
250 |a 1. slov. vyd. 
260 |a Bratiaslava  |b Svojtka & Co.  |c 2015 
300 |a [12] s.  |b fareb. ilustr.  |c 22 cm 
500 |a Náz. z obalu 
521 1 |a Pre deti od 6 rokov 
521 1 |a Nevhodné pre deti do 3 rokov 
650 0 7 |a traktory  |2 SNKPH  |9 26007 
650 0 7 |a Farm tractors  |2 SNKPHeng  |9 334787 
655 7 |a publikácie pre deti  |2 SNKPH  |9 70148 
655 7 |a papierové modely  |2 SNKPH  |9 327845 
655 7 |a Children's literature  |2 SNKPHeng  |9 276039 
655 7 |a Paper models  |2 SNKPHeng  |9 336682 
700 1 |a Connell, Tom  |4 ill  |9 422405 
700 1 |a Bustamante, Martin  |4 ill  |9 422403 
700 1 |a Madarásová, Jitka  |4 trl  |9 207448 
919 |a 978-80-8107-845-3 
958 |a OP 
958 |a DB 
999 |c 842949  |d 844879 
952 |a SNK  |b SNK  |y PREZ  |7 0  |p 17A1171248  |o snkSC 166185  |i snk2015/26235  |8 0  |0 0  |1 0  |4 0  |d 2015-09-11  |l 0  |r 2026-02-24 04:17:05  |w 2026-02-24 
952 |a SNK  |b SNK  |y PREZ  |7 0  |p 17A1171249  |o snkSC 166185 D1  |i snk2015/26237  |8 0  |0 0  |1 0  |4 0  |d 2015-09-11  |l 0  |r 2026-02-24 04:17:05  |w 2026-02-24